LEADER 00838nam0-2200265 --450 001 9910560300403321 005 20220502145827.0 010 $a978-1-107-16304-1 100 $a20220502d2018----kmuy0itay5050 ba 101 0 $aeng 102 $aGB 105 $ay 001yy 200 1 $aReinventing legal education$ehow clinical education is reforming the teaching and practice of law in Europe$fedited by Alberto Alemanno, Lamin Khadar 210 $aCambridge [etc.]$cCambridge University press$d2018 215 $aix, 348 p.$d24 cm 676 $a340.071$v23$zita 702 1$aKhadar,$bLamin 702 1$aAlemanno,$bAlberto 801 0$aIT$bUNINA$gREICAT$2UNIMARC 901 $aBK 912 $a9910560300403321 952 $aIX B 339$b2020/480$fFGBC 959 $aFGBC 996 $aReinventing legal education$92833667 997 $aUNINA LEADER 01667nam 2200373Ka 450 001 9910695167303321 005 20060621165324.0 035 $a(CKB)5470000002367056 035 $a(OCoLC)70154371 035 $a(EXLCZ)995470000002367056 100 $a20060621d2003 ua 0 101 0 $aeng 181 $ctxt$2rdacontent 182 $cc$2rdamedia 183 $acr$2rdacarrier 200 10$aIntroducing nonadversarial government representatives to improve the record for decision in social security disability adjudications$b[electronic resource] $ea report to the Social Security Advisory Board /$fby Frank Bloch, Jeffrey Lubbers, and Paul Verkuil 210 1$a[Washington, D.C.] :$c[Social Security Advisory Board],$d[2003] 215 $a99 pages $cdigital, PDF file 300 $aTitle from title screen (viewed on June 21, 2006). 517 $aIntroducing nonadversarial government representatives to improve the record for decision in social security disability adjudications 606 $aDisability evaluation$zUnited States 606 $aRepresentation in administrative proceedings$zUnited States 615 0$aDisability evaluation 615 0$aRepresentation in administrative proceedings 700 $aBloch$b Frank S$01382505 701 $aLubbers$b Jeffrey S$0984231 701 $aVerkuil$b Paul R$0499941 712 02$aUnited States.$bSocial Security Advisory Board. 801 0$bGPO 801 1$bGPO 906 $aBOOK 912 $a9910695167303321 996 $aIntroducing nonadversarial government representatives to improve the record for decision in social security disability adjudications$93426068 997 $aUNINA